• 首页
  • 本馆介绍
  • 公告通知
  • 最新文献
  • 馆藏检索
  • 电子资源
  • 读者导购
  • 参考咨询
  • 我的图书馆
  • 登录
  • 详细信息显示
  • 放入我的书架
  • 预约/预借图书
  • 作者相关作品
  • 分类相关作品
  • 丛书相关作品
  • 出版社相关作品

书目信息

  • 表格格式
  • 工作单格式
  • 卡片格式
题名:
中国经济地理
    
 
作者: ;华东师大等八所大学合 编
分册:  
出版信息: 上海   华东师范大学出版社  
页数: 424页
开本: 26cm
丛书名:
单 册:
中图分类: F129.9
科图分类:
主题词: 经济--中国
电子资源:
ISBN: 7-5617-0191-8
000 00581nam0 2200193 45
001 0404250909
005 20070716113149.48
010    @a7-5617-0191-8@dCNY4.90
100    @a20040425d km y0chiy0120 ea
101 0  @achi
200 1  @a中国经济地理@AZhong Guo Jing Ji Di Li@f华东师大等八所大学合编@FHua Dong Shi Da Deng Ba Suo Da Xue He Bian
205    @a修订本
210    @a上海@c华东师范大学出版社
215    @a424页@d26cm
606 0  @a经济@x中国
690    @aF129.9@v3
711 02 @a华东师大等八所大学合@4编
801    @aCN@bPftUser@c20070716
905    @f2@b236433-434@dF129.9@e48=2
    
    中国经济地理/华东师大等八所大学合编.-修订本.-上海:华东师范大学出版社
    424页;26cm
    
    
    ISBN 7-5617-0191-8:CNY4.90
    
●
相关链接 在E读中查询图书 在五车中查询图书 在当当中查询图书 在豆瓣中查询图书


正题名:中国经济地理     索取号:F129.9/48=2         预约/预借

序号 登录号 条形码 馆藏地/架位号 状态 备注
1 0236433   000202417   第一借阅区/ [索取号:F129.9/48=2] 在馆    
2 0236434   000202426   第一借阅区/ [索取号:F129.9/48=2] 在馆    
3 0236435   002057473   第一样本阅览室/ [索取号:F129.9/48=2] 在馆    
4 0768424   207684246   密集书库/ [索取号:F129.9/48=2] 在馆    
唐山师范学院图书馆 欢迎您!
大连网信软件有限公司© 版权所有